Sports Quiz

Random Sports or NFL Quiz
Score 0/25 Timer 07:00
1 Play Today
Upset team Team % Correct
GUAJIRASJaguars
90.1%
JUTESJets
89.7%
FARMSRams
86.3%
CORNCOBSBroncos
83.6%
COSTLYColts
82.1%
SEXTANTTexans
81.5%
SARDONICALCardinals
77.2%
BREAKSBears
76.9%
LIBELSBills
75.8%
NASTIESSaints
73.3%
TRAIN STOPPatriots
72%
WILSONLions
71.7%
STATIONTitans
70.6%
Upset team Team % Correct
FINCHESChiefs
70.1%
AGELESSEagles
68.6%
ESCARBUNCLEBuccaneers
65.4%
NERVOSARavens
65.2%
RESETTLESSteelers
63%
ADMIRERSRaiders
63%
BASTINGGiants
62.8%
ISLANDHOPDolphins
57.4%
TRANSHAPEPanthers
54.5%
NOBLE GASBengals
54.5%
CLERK SAPPackers
47.6%
Bonus Message ->Nice! You know football teams.
38.4%
Remove Ads.
Support Sporcle.
Get the best of Sporcle when you Go Orange. This ad-free experience offers more features, more stats, and more fun while also helping to support Sporcle. Thank you for becoming a member.

You're not logged in!

Compare scores with friends on all Sporcle quizzes.
OR
Log In

Sporcle TV

Today on Sporcle TV


Watch our educational content, quiz creation guides, and fun videos on Sporcle TV.

Show Comments

Extras

Top Quizzes Today


Score Distribution

Paid Content

Your Account Isn't Verified!

In order to create a playlist on Sporcle, you need to verify the email address you used during registration. Go to your Sporcle Settings to finish the process.

Report this User

Report this user for behavior that violates our Community Guidelines.

Details: